Representation : (Record no. 43993)
[ view plain ]
| 000 -LEADER | |
|---|---|
| fixed length control field | 01328cam a2200253 a 4500 |
| 001 - CONTROL NUMBER | |
| control field | vtls003029707 |
| 003 - CONTROL NUMBER IDENTIFIER | |
| control field | MY-SjTCS |
| 005 - DATE AND TIME OF LATEST TRANSACTION | |
| control field | 20200306163632.0 |
| 008 - FIXED-LENGTH DATA ELEMENTS--GENERAL INFORMATION | |
| fixed length control field | 110218s1997 enkaf b 001 0 eng d |
| 020 ## - INTERNATIONAL STANDARD BOOK NUMBER | |
| International Standard Book Number | 0761954325 (pbk.) |
| 039 #9 - LEVEL OF BIBLIOGRAPHIC CONTROL AND CODING DETAIL [OBSOLETE] | |
| Level of rules in bibliographic description | 201102181457 |
| Level of effort used to assign nonsubject heading access points | VLOAD |
| Level of effort used to assign subject headings | 200608021644 |
| Level of effort used to assign classification | pushpa |
| Level of effort used to assign subject headings | 200608011651 |
| Level of effort used to assign classification | mas ayu |
| -- | 200608011643 |
| -- | mas ayu |
| 082 04 - DEWEY DECIMAL CLASSIFICATION NUMBER | |
| Classification number | 306 |
| Item number | REP |
| 245 00 - TITLE STATEMENT | |
| Title | Representation : |
| Remainder of title | cultural representations and signifying practices / |
| Statement of responsibility, etc. | edited by Stuart Hall. |
| 260 ## - PUBLICATION, DISTRIBUTION, ETC. | |
| Place of publication, distribution, etc. | London : |
| Name of publisher, distributor, etc. | Sage, in association with The Open University, |
| Date of publication, distribution, etc. | 1997. |
| 300 ## - PHYSICAL DESCRIPTION | |
| Extent | 400 p., [8] p. of plates : |
| Other physical details | ill. (some col.) ; |
| Dimensions | 25 cm. |
| 440 #0 - SERIES STATEMENT/ADDED ENTRY--TITLE | |
| Title | Culture, media, and identities |
| 9 (RLIN) | 22314 |
| 504 ## - BIBLIOGRAPHY, ETC. NOTE | |
| Bibliography, etc. note | Includes bibliographical references and index. |
| 505 00 - FORMATTED CONTENTS NOTE | |
| Title | The work of representation / |
| Statement of responsibility | Stuart Hall -- |
| Title | Representing the social : France and Frenchness in post-war humanist photography / |
| Statement of responsibility | Peter Hamilton -- |
| Title | The poetics and the politics of exhibiting other cultures / |
| Statement of responsibility | Henrietta Lidchi -- |
| Title | The spectacle of the "other" / |
| Statement of responsibility | Stuart Hall -- |
| Title | Exhibiting masculinity / |
| Statement of responsibility | Sean Nixon -- |
| Title | Genre and gender : the case of soap opera / |
| Statement of responsibility | Christine Gledhill. |
| 650 #0 - SUBJECT ADDED ENTRY--TOPICAL TERM | |
| Topical term or geographic name entry element | Culture. |
| 9 (RLIN) | 236970 |
| 650 #0 - SUBJECT ADDED ENTRY--TOPICAL TERM | |
| Topical term or geographic name entry element | Representation (Philosophy) |
| 9 (RLIN) | 15012 |
| 700 1# - ADDED ENTRY--PERSONAL NAME | |
| Personal name | Hall, Stuart, |
| Dates associated with a name | 1932- |
| 9 (RLIN) | 236971 |
| 710 2# - ADDED ENTRY--CORPORATE NAME | |
| Corporate name or jurisdiction name as entry element | Open University. |
| 9 (RLIN) | 14344 |
| 920 ## - Programme | |
| Programme | MCS(USM): 202817 |
| Withdrawn status | Lost status | Source of classification or shelving scheme | Damaged status | Not for loan | Home library | Current library | Date acquired | Total Checkouts | Barcode | Date last seen | Date last checked out | Copy number | Uniform Resource Identifier | Koha item type | Public note |
|---|---|---|---|---|---|---|---|---|---|---|---|---|---|---|---|
| Dewey Decimal Classification | Taylor's Library-TU | Taylor's Library-TU | 01/08/2006 | 15 | 5000033710 | 05/12/2019 | 20/08/2019 | 1 | Floor 3, Shelf 4 , Side 2, TierNo 2, BayNo 7 | Main Collection | SOMAC,09030,03,GR |